| 000 | 01212nam a2200289 a 4500 | ||
|---|---|---|---|
| 001 | 000015236 | ||
| 005 | 20200929164005.0 | ||
| 008 | 100203s2000 dr a 000 0 spa d | ||
| 020 | _a9993439045 | ||
| 040 |
_aDO-SdBNP _bspa _cBNPHU |
||
| 082 |
_a972.93053 _bF825r, 2000 |
||
| 100 | 1 |
_aFranco, Franklin J. _919014 |
|
| 245 | 1 | 0 |
_aRepública Dominicana : _bclases, crisís y comandos / _cFranklin J. Franco ; presentación Moreno Fraginals. |
| 250 | _a5a. ed. | ||
| 260 |
_aSanto Domingo : _bLibrería la Trinitaria, _c2000. |
||
| 300 |
_a323 p. : _bil. ; _c21 cm. |
||
| 500 | _aIncluye datos biográficos del autor del en la contracubierta | ||
| 500 | _aIncluye referencias bibliográficas y notas al pie de las páginas | ||
| 586 | _aPremio Nacional de Ensayo de Casas de Las Américas, La Habana, Cuba, enero 1966 | ||
| 651 | 4 |
_aRepública Dominicana _xHistoria _y1844 _92805 |
|
| 651 | 4 |
_aRepública Dominicana _xPolítica Y Gobierno _y1930-1961 _9479 |
|
| 651 | 4 |
_aRepública Dominicana _xCondiciones Sociales _y1961- _97345 |
|
| 651 | 4 |
_aRepública Dominicana _xCondiciones Económicas _y1961- _97344 |
|
| 700 | 1 | 2 |
_aFraginals, Moreno _934484 |
| 910 | _aValidado. Control de calidad MFF | ||
| 049 | _aBNPD | ||
| 999 |
_c14805 _d14805 |
||